U.S. History True or False #1 - Statistics

General Stats
  • This quiz has been taken 31,246 times
  • The average score is 11 of 15
Answer Stats
Question Answer % Correct
The United States fought in both WWI and WWII True
93%
No one actually died as a result of the Salem witch trials False
92%
France helped the Americans gain independence from Great Britain True
91%
The United States fought a war with Mexico True
90%
Albert Einstein lived in the United States later in his life True
88%
Barack Obama is the only American in history to win a Nobel Peace Prize False
85%
The United States built the Panama Canal True
81%
John F. Kennedy grew up poor False
80%
President Lyndon B. Johnson was the grandson of President Andrew Johnson False
73%
Julius and Ethel Rosenberg were Soviet spies True
73%
Washington D.C. has been never been captured by foreign troops False
69%
No woman has ever appeared on a piece of U.S. currency False
63%
Space shuttles took people to the moon False
57%
George Washington was short by modern standards False
54%
Cleveland, Ohio was named for Grover Cleveland False
46%
No matching quizzes found
Score Distribution
Percent of People with Each Score
Percentile by Number Answered
Your Score History
You have not taken this quiz